Statistics for Geography Basics #2: Top 10 most populous states in the USA

Click here to take the quiz!

General Stats

  • This quiz has been taken 46 times
  • The average score is 9 of 10

Answer Stats

HintAnswer% Correct
1California
100%
4New York
100%
2Texas
98%
3Florida
95%
6Illinois
93%
10Michigan
88%
7Ohio
85%
5Pennsylvania
83%
8Georgia
80%
9North Carolina
78%

Score Distribution

Percentile by Number Answered

Percent of People with Each Score

Your Score History

You have not taken this quiz